000 00727nam a2200241Ia 4500
005 20250117103607.0
008 008 250103s9999 xx 000 0 eng d
020 _a9780367428983
037 _aTextual
040 _aCSL
_beng
_cCSL
041 _aeng
_2eng
084 _aB75:3 R4
_qCSL
100 _aMazumder, B S
_9731855
245 0 _aIntroduction to advanced fluid dynamics and fluvial processes
_cMazumder, B S; Eldho, T I
260 _aBoca raton
_bCRC Press/T&F Newyork
_c2024
300 _axx,639p. col.ill
650 _aNanoantennas
_9734093
650 _aPhysics
650 _aplaemonics
_9734094
700 _a Eldho, T I
_9731857
942 _cTEXL
_hB75:3 R4
999 _c1237827
_d1237827